000 00595nam a2200193 a 4500
001 ASIN0091938066
005 20170105102923.0
008 131209s xxu eng d
020 _a0091938066 (hardcover)
020 _a9780091938062 (hardcover)
040 _a0
100 1 _aGrahame, Paul.
245 1 0 _aFire strike 7/9 /
_cPaul Grahame, Damien Lewis.
260 _a[S.l.] :
_bRandom House Hardbacks,
300 _a1 v. (unpaged) ;
_c24 cm.
700 1 _aLewis, Damien.
856 4 0 _3Amazon.com
_uhttp://www.amazon.com/exec/obidos/ASIN/0091938066/chopaconline-20
942 _2ddc
_cBK
999 _c15656
_d15656